000 00490nam a2200181Ia 4500
005 20250326124608.0
008 250326s9999 xx 000 0 und d
037 _aTextbook
040 _aFMSL
_beng
_cFMSL
041 _aeng
_2eng
084 _aX:8 L91
_qFMSL
100 _aBrickner W H
245 0 _aPlanning process
_cBrickner W H; Cope D M
260 _aNew Delhi
_bNew Delhi, Prentice-Hall
_c1979
300 _a209p
942 _cTB
_hX:8 L91
999 _c1274320
_d1274320